000 02419nam a2200349 i 4500
001 000047339
003 DO-SdBNP
005 20240516115415.0
007 ta
008 180504s2016 dr d 001 0 spa d
020 _a9789945901658
040 _aDO-SdBNP
_bspa
_cBPMSU
_erda
082 4 _a338.2097293
_bM938o 2016
_222
100 1 _aMoya Pons, Frank,
_d1944-
_eautor
245 1 3 _aEl oro en la historia dominicana /
_cFrank Moya Pons ; coordinación, edición e índices: José Chez Checo
264 4 _aSanto Domingo :
_bAcademia Dominicana de la Historia,
_c2016.
300 _a414, (37) páginas ;
_c24 cm.
336 _2rdacontent
_atexto
_btxt
337 _2rdamedia
_asin mediación
_bn
338 _2rdacarrier
_avolumen
_bnc
490 0 _aAcademia Dominicana de la Historia,
_v140
500 _aIncluye índice geográfico e índice onomástico
500 _aIncluye referencias bibliográficas y notas a pie de las páginas
504 _aBibliografía : p. 381-392
505 0 _aPrólogo, 9.-- Primera parte. El oro en los comienzos coloniales. El oro de Europa, 17.-- El oro de los taínos, 22.-- El oro de Colón, 33.-- Las arenas de oro, 44.-- Minería y encomiendas, 52.-- Oro y moneda, 66.-- Las cifras del oro, 71.-- Sin indios no había oro, 79.-- La declinación del oro, 91.-- Segunda parte. Buscando oro por todas partes. Un buscador de oro, 107.-- La nostalgia del oro, 113.-- Los ingleses buscan oro, 118.-- Oro y política en 1844, 129.-- Los americanos quieren oro, 132.-- El Estado fomenta la minería, 142.-- El oro de las concesiones, 148.-- Heureaux y el oro, 155.-- De leyes y concesiones, 163.-- Lavando oro, 167.-- Trujillo y el oro, 177.-- Aluviones de oro, 191.-- Exportaciones de oro, 209.-- Tercera parte. La historia de Pueblo Viejo. Los exploradores italianos, 219.-- La Rosario Dominicana, 233.-- Óxidos, sulfuros y refinería de oro, 273.-- De Rosario Dominicana a Placer Dome, 280.-- Barrick en Pueblo Viejo, 286.-- El Gobierno quiere oro, 318.-- Prospecciones y explotaciones nuevas, 367.-- Nota final, 377.-- Fuentes citadas, 379.-- Índices, 393.-- El autor, 413.-- Apéndice, 415.
590 _aInventariado, 2024/ VM
650 4 _aMinas de oro
_xHistoria
_zRepública Dominicana
650 4 _aIndustria minera
_xHistoria
_zRepública Dominicana
700 1 _a Chez Checo, José
_eedición
910 _aVMateo V. Control de calidad BPMSU
942 _2ddc
_cBK
999 _c14641
_d14641